00844nam a2200181Ia 4500008004100000020001800041050001600059100002400075245015400099250000600253260002500259300001100284500012100295650009100416700003000507952010800537999001700645120626s9999 xx 000 0 und d a968-23-1222-1 aHV6025 B274 aBARATTA, Alessandro aCriminología crítica y crítica del derecho penal ; introducción a la sociología jurídico-penal / Alessandro Baratta; tr. Alvaro Búnster a8 aMéxico : Siglo XXI a258 p. aTraducción de : Criminologia critica e critica del diritto penale ; introduzione alla sociologia giuridico- penale a1. JUSTICIA PENAL, ADMINISTRACIÓN DE 2. DELITOS Y DELINCUENTES -- ASPECTOS SOCIALES aBúnster, Alvaro, tr.Ì 00104070a09b09d2007-07-31l6m1oHV6025 B274p09 001976r2017-02-02s2017-01-30t1w2012-06-26yLB c63961d63961